000 00699nam a2200193Ii 4500
003 JO-AjNU
008 230605s9999||||xx |||||||||||||| ||und||
040 _aJO-AjNU
_bara
_erda
_cJO-AjNU
041 _aara
050 1 4 _aBP75.5 .S5261 1988
100 3 _aالشناوي، عبد العزيز,
_eauthor
_935164
245 0 0 _aالرسول صلى الله عليه وسلم في عيون أصحابه
264 3 1 _aالمنصورة:مكتبة الايمان،د.ت
300 _a104ص
336 _atext
_btxt
_2rdacontent
337 _aunmediated
_bn
_2rdamedia
338 _avolume
_bnc
_2rdacarrier
650 4 _aسيرة نبوية-اصحاب الرسول صلى الله عليه وسلم
_935165
999 _aA14490
_c18058
_d18058